书目信息 |
| 题名: |
贝多芬的骰子
|
|
| 作者: | 贾晓伟 著 | |
| 分册: | ||
| 出版信息: | 南京 江苏凤凰文艺出版社 2020.1 |
|
| 页数: | 304页 | |
| 开本: | 23cm | |
| 丛书名: | ||
| 单 册: | ||
| 中图分类: | J605.1 | |
| 科图分类: | ||
| 主题词: | 音乐评论--世界--文集 | |
| 电子资源: | ||
| ISBN: | 978-7-5594-1138-9 | |
| 000 | 00797nam0 2200229 45 | |
| 001 | 012001001722 | |
| 005 | 20141011102654.0 | |
| 010 | @a978-7-5594-1138-9@dCNY45.00 | |
| 100 | @a20171018d2017 em y0chiy50 ea | |
| 101 | 0 | @achi |
| 102 | @aCN@b320000 | |
| 105 | @aag z 000yy | |
| 106 | @ar | |
| 200 | 1 | @a贝多芬的骰子@Abei duo fen de tou zi@b专著@f贾晓伟著 |
| 210 | @a南京@c江苏凤凰文艺出版社@d2020.1 | |
| 215 | @a304页@c图@d23cm | |
| 330 | @a本书收录作者2013-2017年古典音乐评论文章,涉及三十七位作曲家,从古典的巴赫、现代的韦伯恩,到后现代斯托克豪森;二十余位演绎大师,从卡萨尔斯、梅纽因、古尔德,到帕尔曼。 | |
| 606 | 0 | @a音乐评论@y世界@j文集 |
| 690 | @aJ605.1@v5 | |
| 701 | 0 | @a贾晓伟@Ajia xiao wei@c(编辑)@4著 |
| 801 | 2 | @aCN@b江苏凤凰@c20211018 |
| 905 | @b1345461-4@dJ605.1@e1363@f4 | |
| 贝多芬的骰子/贾晓伟著.-南京:江苏凤凰文艺出版社,2020.1 |
| 304页:图;23cm |
| ISBN 978-7-5594-1138-9:CNY45.00 |
| 本书收录作者2013-2017年古典音乐评论文章,涉及三十七位作曲家,从古典的巴赫、现代的韦伯恩,到后现代斯托克豪森;二十余位演绎大师,从卡萨尔斯、梅纽因、古尔德,到帕尔曼。 |
| ● |
| 相关链接 |
|
|
|
|
正题名:贝多芬的骰子
索取号:J605.1/1363
 
预约/预借
| 序号 | 登录号 | 条形码 | 馆藏地/架位号 | 状态 | 备注 |
| 1 | 1345461 | 213454616 | 第一样本阅览室/ [索取号:J605.1/1363] | 在馆 | |
| 2 | 1345462 | 213454625 | 第一借阅区/ [索取号:J605.1/1363] | 在馆 | |
| 3 | 1345463 | 213454634 | 第一借阅区/ [索取号:J605.1/1363] | 在馆 | |
| 4 | 1345464 | 213454643 | 第一借阅区/ [索取号:J605.1/1363] | 在馆 |